000 01075nam a2200253 i 4500
001 bg
245 0 0 _aKodeks cywilny ze skorowidzem ; Kodeks postępowania cywilnego ze skorowidzem ; Kodeks rodzinny i opiekuńczy oraz ; Prawo prywatne międzynarodowe ; Ustawa o księgach wieczystych i hipotece.
250 _aStan prawny na dzień 31 października 2000 r. z uwzgl. zmian wchodzącycych w życie 9 grudnia 2000 r. i 1 stycznia 2001 r.
260 _aGdańsk :
_b"ARCHE",
_c2000.
300 _a576 s. ;
_c24 cm.
500 _aTyt. okł. : Kodeks cywilny. Kodeks postępowania cywilnego. Kodeks rodzinny i opiekuńczy.
504 _aIndeksy.
650 9 _aHipoteka
_xprawo
_zPolska
_ystan na 2000 r.
650 9 _aPostępowanie cywilne
_zPolska
_ystan na 2000 r.
650 9 _aPrawo cywilne
_zPolska
_ystan na 2000 r.
650 9 _aPrawo prywatne międzynarodowe
_ystan na 2000 r.
020 _a8388445146
040 _cBPK
041 0 _apl
080 _a347(438):341.9](094.4)
920 _a83-88445-14-6
942 _cKS
008 s pl f |000 0 pol
999 _c39491
_d39491
856 _uhttp://koha.tu.koszalin.pl/cgi-bin/koha/opac-detail.pl?biblionumber=39491
_yKatalog online BPK